Valoración agronómica y clasificación de una colección de lineas de soja sembrada en dos fechas en el bajo guadalquivir

Guardado en:
Autor Principal: España Inia
Formato: Libro
Publicado: Madrid : Instituto de Agricultura, pesca y alimentación, 1983
Materias:
Etiquetas: Agregar Etiqueta
Sin Etiquetas, Sea el primero en etiquetar este registro!
LEADER 00700nam a22002055a 4500
001 CEM.cems017001
005 20110310093137.0
008 130507s1983##################000#0#####d
003 CEMS
020 |a 0210329X 
082 0 4 |a 635.6 
100 1 |a España Inia 
245 1 0 |a Valoración agronómica y clasificación de una colección de lineas de soja sembrada en dos fechas en el bajo guadalquivir 
260 |a Madrid :  |b Instituto de Agricultura, pesca y alimentación,  |c 1983 
300 |a 56 p. 
500 |a Dado de baja 
505 0 |a Materiales y métodos -- Resultados y Discusión 
653 |a Soja 
653 |a Agricultura 
859 |a CEMS  |b BIB. CEMS - Agricultura  |h 635.6  |i ES61-3  |p A13026.84  |t Ej.1  |v 57  |3 57